000 00971nac a22002537a 4500
001 BR8302131
003 BR-BrBNA
005 20240105115709.0
008 230509b bl.|||m| |||| 00| 0 por d
040 _aBR-BrBNA
_bpor
_cBiblioteca Nacional de Agricultura
072 _aF00
090 _a1126 BR8302131
100 1 _aVieira, A.
100 1 _aGadelha, R.S. de S.
110 1 _aEmpresa de Pesquisa Agropecuaria do Estado do Rio de Janeiro, Niteroi (Brasil)
245 1 _aEfeito do acido clorofenoxipropionico (fruitone C.P.A.)aplicado em diferentes epocas em frutos de abacaxi da cv. Smooth cayenne [hormonio vegetal, Ananas comosus]
260 3 _aNiteroi, RJ (Brasil):
_c1983.
300 _a4 p.
490 _aComunicado Tecnico - Empresa de Pesquisa Agropecuaria do Estado do Rio de Janeiro (Brazil)
_vno. 13
_xISSN 0100-896X
650 _aABACAXI
650 _aHORMONIO VEGETAL
909 _a202312
_bLúcia Elande
_c55
_dLúcia Elande
942 _2AGRIS
_n0
_cMS
999 _c275961
_d275961